| 000 | 00450nam a22001577a 4500 | ||
|---|---|---|---|
| 020 | _a8120412575 | ||
| 082 |
_a624.25 _bRAJ _cNUST, P-35 |
||
| 100 |
_aRaju, N.Krishna _918310 |
||
| 245 |
_aDesign of bridges / _cN.Krishna Raju |
||
| 250 | _a3rd ed. | ||
| 260 |
_aNew Delhi : _bOxford & IBH Pulishing Company Private Limited, _c1998. |
||
| 300 | _axv, 448 p. : | ||
| 526 |
_a0 _b0 _c0 _d624_250000000000000_RAJ |
||
| 650 |
_aMCE _9379 |
||
| 942 |
_2ddc _cBK |
||
| 999 |
_c547312 _d547312 |
||